Normal view
MARC view
- fu k.s/gonzales
Entry Personal Name
001 - CONTROL NUMBER
- control field: 317
003 - CONTROL NUMBER IDENTIFIER
- control field: JO-AjAnu
005 - DATE AND TIME OF LATEST TRANSACTION
- control field: 20230606070345.0
008 - FIXED-LENGTH DATA ELEMENTS
- fixed length control field: 230606|| aca||aabn | a|a d
040 ## - CATALOGING SOURCE
- Original cataloging agency: JO-AjAnu
- Transcribing agency: JO-AjAnu
100 ## - HEADING--PERSONAL NAME
- Personal name: fu k.s/gonzales
670 ## - SOURCE DATA FOUND
- Source citation: Work cat.: (JO-AjAnu)167: fu k.s/gonzales, author, Robotics : Control, sensing, vision and intelligence